00559 2200217 4500001002100000005001500021008004100036020001800077035002500095041000800120082001200128090001200140100001800152245005200170250001600222260003500238300002400273500000800297650001400305700002200319INLIS00000000000322920130515133640 ind  a979-731-811-7 a0010-051300000003229 aind a796.522 a796.522 aHarry, Wijaya aJejak Sang Petualang / editor, Sigit, Suyantoro aCetakan : 2 aYogyakartabAndi Offisetc2005 ax, 230 hlm. ;21 cm. a211 aOlah Raga aChristian, Wijaya